Countries Mobb Deep has Visited - Statistics

General Stats
  • This quiz has been taken 8 times
  • The average score is 16 of 19
Answer Stats
Continent Country % Correct
North America Canada
100%
Europe Germany
100%
Europe United Kingdom
100%
North America United States of America
100%
South America Argentina
88%
Oceania Australia
88%
Europe Austria
88%
Europe Finland
88%
Europe Italy
88%
Europe Poland
88%
Europe Spain
88%
Europe Sweden
88%
Europe Czech Republic
75%
Europe Denmark
75%
Europe Luxembourg
75%
Europe Netherlands
75%
Oceania New Zealand
75%
Europe Romania
75%
Europe Slovenia
75%
No matching quizzes found
Score Distribution
Percent of People with Each Score
Percentile by Number Answered
Your Score History
You have not taken this quiz